LEADER 01525nam a2200337 u 4500 001 000000019278 003 CaOOAMICUS 005 20070226110753.0 008 950206s1994 it u000 u ita u 020 $a88-343-0180-3 (pbk.) 020 $a88-343-0181-1 (hbk.) 035 $a10463386 040 $aPUL$bita 100 1 $aCacitti, Remo.$0(OLS)http://pul/name/16938 245 10$aGrande Sabato :$bil contesto pasquale quartodecimano nella formazione della teologia del martirio /$cRemo Cacitti. 260 $aMilano :$bVita e pensiero,$c1994. 300 $alx, 207 p. ;$c23 cm 490 1 $aStudia patristica Mediolanensia ;$v19 500 $aComprende indici. 504 $aBibliografia: p. xiii-lx. 600 04$aPolycarpus,$cs., vesc. di Smirne,$dm. 155.$0(OLS)http://pul/subject/5850 650 4$aMartirio.$0(OLS)http://pul/subject/616 650 4$aPasqua.$0(OLS)http://pul/subject/2462 830 0$aStudia patristica Mediolanensia ;$v19.$0(OLS)http://pul/title/3285 850 $aPUL 852 $aPUL$W1$xSL Religione 1$y3$m21 I 19$j27128$nBK-PRI$b $qStampati$B27128$CPULBib$Z2$F27128 $H $81 941 1 $a8 996 $6020$a88-343-0180-3 (pbk.)$9(OLS)http://pul/number/24647 996 $6020$a88-343-0181-1 (hbk.)$9(OLS)http://pul/number/24648 996 $6245$aGrande Sabato :$bil contesto pasquale quartodecimano nella formazione della teologia del martirio$9(OLS)http://pul/title/27305 996 $6260$aMilano :$bVita e pensiero$9(OLS)http://pul/publisher/48016 LEADER 01146nam a2200277 a 4500 001 000000127117 003 CaOOAMICUS 005 20111118143004.0 008 111118s2010 it u000 u ita r 020 $a978-88-89094-75-4 040 $aPUL$bita 082 04$a262.14 100 1 $aGemma, Andrea,$cvesc. di Isernia-Venafro,$d1931-$0(OLS)http://pul/name/51086 245 10$aA voi, presbiteri :$bmeditazioni sulla vita e il ministero dei presbiteri /$cAndrea Gemma. 260 $aNapoli :$bE.D.I.,$cİ2010. 300 $a1016 p. ;$c25 cm 504 $aBibliografia in nota. 650 4$aPresbiteri.$0(OLS)http://pul/subject/34434 850 $aPUL 852 $aPUL$W1$xSL Religione 3$y85$m262. 14 GEMAN 1$j146996$qDDC 21$B145691$CPULBib$Z2$F145691 $H115341 $82 941 1 $a9 996 $6020$a978-88-89094-75-4$9(OLS)http://pul/number/148522 996 $6082$a262.14$9(OLS)http://pul/classification/2140 996 $6245$aA voi, presbiteri :$bmeditazioni sulla vita e il ministero dei presbiteri$9(OLS)http://pul/title/160597 996 $6260$aNapoli :$bE.D.I.$9(OLS)http://pul/publisher/70549